000 00544nam a22002057a 4500
999 _c180666
_d180666
005 20210817112049.0
010 _aENG-129851
020 _c299.00
035 _aEN-113383
037 _bDBAD/PUB
082 _a158.1
100 _aRishabh
245 _aRestart 2020:
_bBig Ocean of Knowledge /
_cRishabh, Nidhi
250 _a2020
260 _bBluerose Publishers
_c2020
270 _k978-93-90432-34-9
_minfo@bluerosepublishers.com
300 _a192p.
_c20cm (pbk)
700 _aNidhi
942 _2ddc
_cEN
_h158.1
_kRIS